Normal view
MARC view
- التلفزيون - مسلسلات - الأب والام دراسة وتحليل
Entry Topical Term
001 - CONTROL NUMBER
- control field: 36300
003 - CONTROL NUMBER IDENTIFIER
- control field: JO-AjAnu
005 - DATE AND TIME OF LATEST TRANSACTION
- control field: 20230606080049.0
008 - FIXED-LENGTH DATA ELEMENTS
- fixed length control field: 230606|| aca||aabn | a|a d
040 ## - CATALOGING SOURCE
- Original cataloging agency: JO-AjAnu
- Transcribing agency: JO-AjAnu
150 ## - HEADING--TOPICAL TERM
- Topical term or geographic name entry element: التلفزيون - مسلسلات - الأب والام دراسة وتحليل
670 ## - SOURCE DATA FOUND
- Source citation: Work cat.: (JO-AjAnu)18636: رضا، عدلي سيد محمد, author 36299, صورة الأب والأم في المسلسلات العربية بالتلفزيون: دراسة تحليلية